Zenless Zone Zero All Characters, Attributes, and Specialties (2.6) - Statistics

General Stats
  • This quiz has been taken 776 times
    266 since last reset
  • The average score is 57 of 65
Answer Stats
Answer % Correct
Anby
97%
Belle
97%
Billy
97%
Nicole
97%
Soldier 0 - Anby
97%
Wise
97%
Ellen
96%
Corin
95%
Miyabi
95%
Nekomata
95%
Vivian
95%
Ben
94%
Burnice
94%
Grace
93%
Jane
93%
Lycaon
92%
Rina
92%
Anton
91%
Hugo
91%
Zhu Yuan
91%
Alice
90%
Astra Yao
90%
Evelyn
90%
Harumasa
90%
Koleda
90%
Lighter
90%
Trigger
90%
Yanagi
90%
Ju Fufu
89%
Seth
89%
Sunna
89%
Caesar
88%
Lucy
88%
Orphie and Magus
88%
Piper
88%
Seed
88%
Soldier 11
88%
Soukaku
88%
Yixuan
88%
Yuzuha
88%
Aria
86%
Fire
86%
Zhao
86%
Electric
85%
Frost
85%
Honed Edge
85%
Ice
85%
Lucia
85%
Manato
85%
Physical
85%
Qingyi
85%
Ye Shunguang
85%
Dialyn
84%
Pulchra
84%
Yidhari
84%
Auric Ink
83%
Banyue
83%
Ether
83%
Attack
80%
Pan Yinhu
80%
Anomaly
79%
Stun
79%
Support
79%
Defense
75%
Rupture
73%
No matching quizzes found
Score Distribution
Percent of People with Each Score
Percentile by Number Answered
Your Score History
You have not taken this quiz since the last reset